UK 🖥️ Most watched TV show - Statistics

General Stats
  • This quiz has been taken 127 times
    109 since last reset
  • The average score is 14 of 21
Answer Stats
Clue Millions Year Channel Answer % Correct
Den serves divorce papers on Angie 30.00 1986 BBC1 Eastenders
100%
The aftermath of Den and Angies divorce 28.00 1987 BBC1 Eastenders
100%
Arthur and Pauline Fowler (Mark has HIV story) 24.30 1992 BBC1 Eastenders
100%
Angie suffers kidney failure 24.15 1988 BBC1 Eastenders
100%
More of Den and Angies divorce 23.55 1985 BBC1 Eastenders
100%
Hilda Ogden leaves Weatherfield 26.65 1987 ITV Granada Coronation Street
96%
Ken and Deidre finalise their divorce 21.60 1992 ITV Granada Coronation Street
96%
Del finally becomes a "millionaire". Triffic! 24.35 1996 BBC1 Only Fools and Horses
94%
Annual beauty contest (now passe), Miss Peru, won this year 23.76 1967 BBC1 Miss World
83%
16 hour charity concert, related to Band Aid 24.50 1985 BBC1 Live Aid
73%
Who shot JR 21.60 1980 BBC1 Dallas
72%
Rag and bone sitcom. Albert looks for a lodger 21.54 1964 BBC Steptoe and Son
68%
Annual gala, in front of the Queen, this year featuring Shirley Bassey 24.20 1965 ITV ATV Royal Variety
67%
Bawdy comedy sketches, star had hit record with Ernie, the Fastest Milkman in the West 21.67 1971 ITV Thames The Benny Hill Show
59%
Annual singing contest 21.56 1973 BBC1 Eurovision Song Contest
54%
Eammon Andrews subject is Lord Mountbatten 22.22 1977 ITV Thames This is Your Life
49%
Diana Princess of Wales interview, BBC documentary show 22.78 1995 BBC1 Panorama
45%
Audrey Fforbes-Hamilton, series one finale 23.95 1979 BBC1 To the Manor Born
43%
Jimmy Tarbuck, weekly variety show, from a Drury Lane theatre 21.89 1967 ITV ATV Sunday Night at the London Palladium
11%
Impressionists' Christmas edition 21.40 1977 BBC1 The Mike Yarwood Show
10%
Bruce Forsyth and Vera Lynn top the bill of this years annual Royal charity gala 22.66 1975 ITV ATV Royal Variety Performance
7%
No matching quizzes found
Score Distribution
Percent of People with Each Score
Percentile by Number Answered
Your Score History
You have not taken this quiz since the last reset